Memoria del curso de 1915 a 1916, precedida del discurso leído por el Director D. Tomás Bretón y Hernández en la solemne distribución de premios (Record no. 31978)

MARC details
000 -LEADER
campo de control de longitud fija 00804nam a2200193 i 4500
001 - NÚMERO DE CONTROL
campo de control 31978
003 - IDENTIFICADOR DE NÚMERO DE CONTROL
campo de control ES-MaACL
005 - FECHA Y HORA DE LA ÚLTIMA TRANSACCIÓN
campo de control 20250726220144.0
007 - CAMPO FIJO DE DESCRIPCIÓN FÍSICA--INFORMACIÓN GENERAL
campo de control de longitud fija t|
008 - DATOS DE LONGITUD FIJA--INFORMACIÓN GENERAL
campo de control de longitud fija 030205s1916 sp ||||1| spa d
110 2# - ENTRADA PRINCIPAL--NOMBRE DE ENTIDAD CORPORATIVA
Nombre de entidad corporativa o nombre de jurisdicción como elemento de entrada Real Conservatorio de Música y Declamación (Madrid)
9 (RLIN) 6354
245 10 - MENCIÓN DEL TÍTULO
Título Memoria del curso de 1915 a 1916, precedida del discurso leído por el Director D. Tomás Bretón y Hernández en la solemne distribución de premios
Resto del título : estados y cuentas.
260 ## - PUBLICACIÓN, DISTRIBUCIÓN, ETC.
Lugar de publicación, distribución, etc. Madrid :
Nombre del editor, distribuidor, etc. Real Conservatorio de Música y Declamación,
Fecha de publicación, distribución, etc. 1916 (
Fabricante Hijo de Gaisse)
300 ## - DESCRIPCIÓN FÍSICA
Extensión 44 p. ;
Dimensiones 24 cm.
610 24 - PUNTO DE ACCESO ADICIONAL DE MATERIA--NOMBRE DE ENTIDAD CORPORATIVA
Nombre de entidad corporativa o nombre de jurisdicción como elemento de entrada Real Conservatorio de Música y Declamación (Madrid)-
Subdivisión de forma Memorias.
9 (RLIN) 155956
700 1# - ENTRADA AGREGADA--NOMBRE PERSONAL
Nombre de persona Bretón, Tomás,
Fechas asociadas al nombre 1850-1923
9 (RLIN) 31633
852 ## - LOCALIZACIÓN
Ubicación ES-MaACL
Número de control de estantería 1508-F-8
Holdings
Estatus retirado Estado de pérdida Estado de daño No para préstamo Colección Biblioteca de origen Biblioteca actual Ubicación en estantería Fecha de adquisición Fuente de adquisición Total de préstamos Signatura topográfica completa Código de barras Visto por última vez Precio de reemplazo Tipo de ítem Koha
        Colección de folletos Biblioteca del Ateneo de Madrid Biblioteca del Ateneo de Madrid Depósito folletos 17/01/2008     1508-F-8 1033076 23/02/2023 23/02/2023 Folleto